| 000 | 01023cam a2200253 i 4500 | ||
|---|---|---|---|
| 003 | SA-RiAUC | ||
| 005 | 20260118123041.0 | ||
| 008 | 260101s1926 su g 00000 ara c | ||
| 040 |
_aSA-RiKSU _bara _cSA-RiAUC _erda |
||
| 043 | _aa-su--- | ||
| 082 | 0 | 4 | _a410.809531 |
| 090 |
_aم ن 410.809531 _bص ب ا |
||
| 100 | 1 |
_aالصبان، محمد بن سرور، _d1316-1391 هجري _eمؤلف. |
|
| 245 | 1 | 2 |
_aالمعرض، أو، آراء شبان الحجاز في اللغة العربية / _cمحمد سرور الصبان. |
| 246 | 3 | 3 | _aآراء شبان الحجاز في اللغة العربية |
| 264 | 1 |
_aمكة المكرمة : _bالمكتبة الحجازية، _c1926 |
|
| 300 |
_a77 صفحة؛ _c29 سم. |
||
| 336 |
_aنص _btxt _2rdacontent _3كتاب |
||
| 337 |
_aبدون وسيط _bn _2rdamedia |
||
| 338 |
_aمجلد _bnc _2rdacarrier |
||
| 650 | 7 |
_aاللغة العربية _vمقالات ومحاضرات _2aucsh |
|
| 942 |
_2ddc _cRBOOK COPY _n0 |
||
| 949 |
_aSA-JeALM _d260101 _umohamedma123 _n1 |
||
| 999 |
_c14083 _d14083 |
||